| 000 | 00356nam a2200145Ia 4500 | ||
|---|---|---|---|
| 008 | 150201s1996 xx 000 0 und d | ||
| 082 |
_a617.3 _bR1996L |
||
| 100 | _aLIEBENSON | ||
| 245 | _aREHABILITATION OF THE SPINE | ||
| 250 | _a1ST | ||
| 260 |
_bWILLIAM & WILKINS _aPHILADELPHIA _c1996 |
||
| 300 | _a1-432 | ||
| 650 | _aPHYSIOTHERAPY | ||
| 942 |
_2ddc _cBK |
||
| 999 |
_c4340 _d4340 |
||